|
|
|
|
| LEADER |
02129nam a2200493 4500 |
| 001 |
978-3-540-69197-6 |
| 003 |
DE-He213 |
| 005 |
20191022072827.0 |
| 007 |
cr nn 008mamaa |
| 008 |
121227s1997 gw | s |||| 0|eng d |
| 020 |
|
|
|a 9783540691976
|9 978-3-540-69197-6
|
| 024 |
7 |
|
|a 10.1007/3-540-69197-9
|2 doi
|
| 040 |
|
|
|d GrThAP
|
| 050 |
|
4 |
|a QD415-436
|
| 072 |
|
7 |
|a PNN
|2 bicssc
|
| 072 |
|
7 |
|a SCI013040
|2 bisacsh
|
| 072 |
|
7 |
|a PNN
|2 thema
|
| 082 |
0 |
4 |
|a 547
|2 23
|
| 245 |
1 |
0 |
|a Organofluorine Chemistry
|h [electronic resource] :
|b Techniques and Synthons /
|c edited by Richard D. Chambers.
|
| 250 |
|
|
|a 1st ed. 1997.
|
| 264 |
|
1 |
|a Berlin, Heidelberg :
|b Springer Berlin Heidelberg :
|b Imprint: Springer,
|c 1997.
|
| 300 |
|
|
|a X, 252 p.
|b online resource.
|
| 336 |
|
|
|a text
|b txt
|2 rdacontent
|
| 337 |
|
|
|a computer
|b c
|2 rdamedia
|
| 338 |
|
|
|a online resource
|b cr
|2 rdacarrier
|
| 347 |
|
|
|a text file
|b PDF
|2 rda
|
| 490 |
1 |
|
|a Topics in Current Chemistry,
|x 0340-1022 ;
|v 193
|
| 505 |
0 |
|
|a Elemental Fluorine in Organic Chemistry -- Fluorinated Organometallic Compounds -- Enzymatically Controlled Reactions of Organofluorine Compounds -- Building Block Approaches to Aliphatic Organofluorine Compounds -- Electrofluorination of Organic Compounds.
|
| 650 |
|
0 |
|a Organic chemistry.
|
| 650 |
|
0 |
|a Lasers.
|
| 650 |
|
0 |
|a Photonics.
|
| 650 |
1 |
4 |
|a Organic Chemistry.
|0 http://scigraph.springernature.com/things/product-market-codes/C19007
|
| 650 |
2 |
4 |
|a Optics, Lasers, Photonics, Optical Devices.
|0 http://scigraph.springernature.com/things/product-market-codes/P31030
|
| 700 |
1 |
|
|a Chambers, Richard D.
|e editor.
|4 edt
|4 http://id.loc.gov/vocabulary/relators/edt
|
| 710 |
2 |
|
|a SpringerLink (Online service)
|
| 773 |
0 |
|
|t Springer eBooks
|
| 776 |
0 |
8 |
|i Printed edition:
|z 9783662147870
|
| 776 |
0 |
8 |
|i Printed edition:
|z 9783540631705
|
| 776 |
0 |
8 |
|i Printed edition:
|z 9783662147863
|
| 830 |
|
0 |
|a Topics in Current Chemistry,
|x 0340-1022 ;
|v 193
|
| 856 |
4 |
0 |
|u https://doi.org/10.1007/3-540-69197-9
|z Full Text via HEAL-Link
|
| 912 |
|
|
|a ZDB-2-CMS
|
| 912 |
|
|
|a ZDB-2-BAE
|
| 950 |
|
|
|a Chemistry and Materials Science (Springer-11644)
|